logo

Bir Sreshtho Munshi Abdur Rouf Library
Jhenaidah Cadet College

আর্নেস্তো চে গুয়েভারা / (Record no. 11411)

MARC details
000 -LEADER
fixed length control field 01050nam a2200277 a 4500
001 - CONTROL NUMBER
JCCL Control Number 11411
003 - CONTROL NUMBER IDENTIFIER
JCCL marc code BD-JhCC
005 - DATE AND TIME OF LATEST TRANSACTION
control field 20210825134020.0
008 - FIXED-LENGTH DATA ELEMENTS--GENERAL INFORMATION
fixed length control field 190611b 2013bg a|||| ||a| 000 0 ben d
020 ## - INTERNATIONAL STANDARD BOOK NUMBER
International Standard Book Number 9789848975794
035 ## - SYSTEM CONTROL NUMBER
system control number (BD-JhCC)11411
040 ## - CATALOGING SOURCE
Original cataloging agency BD-JhCC
Modifying agency BD-JhCC
041 ## - LANGUAGE CODE
Language code of Book ben
082 ## - DEWEY DECIMAL CLASSIFICATION NUMBER
Author mark and Year LAV 2013
Classification number 923.1
100 ## - MAIN ENTRY--PERSONAL NAME
Personal name লাভরেতক্সি, আই
245 ## - TITLE STATEMENT
Title আর্নেস্তো চে গুয়েভারা /
Statement of responsibility, etc আই লাভরেতক্সি, অনু: হাসান খুরশীদ রুমী, ওয়াহিদ দীপ্র, শওকত হোসেন ।
260 ## - PUBLICATION, DISTRIBUTION, ETC. (IMPRINT)
Place of publication, distribution, etc ঢাকা:
Name of publisher, distributor, etc রোদেলা;
Date of publication, distribution, etc ২০১৩.
300 ## - PHYSICAL DESCRIPTION
Pagination ৪১৪ পৃ. :
Other physical details ill;
Dimensions ২২ সেমি.
600 ## - SUBJECT ADDED ENTRY--PERSONAL NAME
Personal name Guevara, Ernesto Che
650 ## - SUBJECT ADDED ENTRY--TOPICAL TERM
Topical term or geographic name as entry element Biography
700 ## - ADDED ENTRY--PERSONAL NAME
Personal name রুমী, হাসান খুরশীদ
700 ## - ADDED ENTRY--PERSONAL NAME
Personal name দীপ্র, ওয়াহিদ
700 ## - ADDED ENTRY--PERSONAL NAME
Personal name হোসেন, শওকত
942 ## - ADDED ENTRY ELEMENTS (KOHA)
Source of classification or shelving scheme Dewey Decimal Classification
Koha item type Books
Koha issues (borrowed), all copies 3
Holdings
Source of classification or shelving scheme Damaged status Not for loan Home library Current library Shelving location Date of accession Cost, normal purchase price Total Checkouts Full call number Barcode Date last seen Date checked out Copy number Koha item type
Dewey Decimal Classification     JCC Rouf Library JCC Rouf Library General Stacks 06/11/2019 425.00 2 923.1 LAV 2013 15357 10/12/2021 08/25/2021 C-1 Books

JCC Library | Contacts | JCC Home

Last Update on 23 September 2017
Copyright @ 2017-2020 JCC Rouf Library
Rouf Library, Jhenidah Cadet College (JCC), Bangladesh